| 000 | 00352nam a2200145Ia 4500 | ||
|---|---|---|---|
| 008 | 230917s9999||||xx |||||||||||||| ||und|| | ||
| 040 |
_e117905 _aMAIN |
||
| 041 | _aEnglish | ||
| 082 | _a589.3 K96A | ||
| 100 | _aKumar, H D | ||
| 245 | 0 | _aAlgal cell biology | |
| 260 |
_aNew Delhi _bAffiliated East-West Press _c1985 |
||
| 300 | _a201 p. | ||
| 942 | _cBK | ||
| 999 |
_c46398 _d46398 |
||